| 000 | 00709nam a2200157 a 4500 | ||
|---|---|---|---|
| 008 | 120928s2011 ||||||||||||||||| || u | ||
| 020 | _a978-1-84813-506-2 | ||
| 050 | _aHB 172.5 NAD | ||
| 100 | _aNadal, Alejandro | ||
| 245 | 1 | 0 |
_aRethinking macroeconomics for sustainability _cby Alejandro Nadal |
| 260 |
_aLondon: _bZed Books Ltd _c2011 |
||
| 300 | _ax, 235p. | ||
| 650 | 0 | _aMACROECONOMICS | |
| 995 |
_aMAIN LIBRARY OPEN ACCESS _e744081 _FCBU-MAIN LIBRARY (Kitwe) _jHB 172.5 Nad _M1 _UAVAILABLE _WJun 26, 2013 _y744081 _ZMain Library Open Access Collection |
||
| 995 |
_aSPECIAL COLLECTIONS _e500160 _FCBU-DAG HAMMARSKJOLD INSTITUTE LIBRARY _jDAG HB 172.5 NAD _M1 _UAVAILABLE _WNov 16, 2012 _y500160 _ZDHIPS Book Collection |
||
| 999 |
_c80206 _d80206 |
||